00341nam a2200133Ia 4500008004100000041000800041082001800049100002400067245003200091260004300123300001200166365000700178650002200185210719s1962 xx 000 0 und d aeng a324.0973 PENA aPENNIMAN (Howard R) aAmerican political process. aNYbD Van Nostrand company, Inc.c1962 a145bPB cRs aPolitical Process